Personnages de mangas nés en mars par images - Statistiques

Statistiques générales
  • Ce quiz a été pris 57 fois
  • Le résultat moyen est 13 sur 20
Statistiques - réponses
Par images Réponse % Correct
Boruto Uzumaki
98%
Sakura Haruno
98%
Eren Jäger
96%
Sanji
96%
Annie Leonhart
88%
Shanks
88%
Leolio Paradinaito
85%
Yuji Itadori
79%
Koro Sensei
77%
Sabo
71%
Anya Forger
67%
Kisame Oshigaki
67%
Nana Osaki
52%
Norman
50%
Overhaul / Kai Chisaki
48%
Roy Mustang
46%
Tamaki Amajiki
29%
Elaine
27%
Ryo Saeba
17%
Shuu Tsukiyama
8%
Aucun quiz correspondant
Distribution des résultats
% des personnes avec chaque résultat
Percentile par nombre de réponses
Votre historique - résultats
Vous n’avez pas pris ce quiz